Rozpoznaj miasto po zdjęciu #1 - Statystyki

Ogólne statystyki
  • Ten quiz został rozwiązany 71 razy
  • Średni wynik to 6 z 16
Statystyki odpowiedzi
Obrazkowy Odpowiedź % Poprawnych
Warszawa
100%
Wenecja
93%
Rio De Janeiro
85%
Berlin
77%
Budapeszt
48%
Petersburg
41%
Delhi
38%
Miami
34%
Toronto
31%
Łódź
18%
Wiedeń
16%
Białystok
11%
Sofia
11%
Kair
8%
Palermo
3%
Tel Awiw
3%
Nie znaleziono quizów pasujących do podanych kryteriów
Rozkład punktacji
Procent ludzi z każdym wynikiem
Percentyl według liczby udzielonych odpowiedzi
Twoja historia wyników
Nie rozwiązałeś tego quizu